Le notti di Cabiria Nights of Cabiria

Η Καμπίρια είναι μια καλόκαρδη πεταλουδίτσα της νύχτας, μια γυναίκα με αστείρευτο πάθος για ζωή, αγάπη, και ειλικρινή έρωτα. Παρακολουθούμε τις νύχτες και τις μέρες της ενώ προσπαθεί να πιστέψει στα θαύματα για μια ακόμη φορά, ν'αγαπήσει και να ελπίσει. Κι όπως γίνεται σχεδόν πάντα να ραγίσει η...

Πλήρης περιγραφή

Αποθηκεύτηκε σε:
Λεπτομέρειες βιβλιογραφικής εγγραφής
Άλλοι συγγραφείς: Fellini, Federico (Διευθυντής, Σεναριογράφος), Masina, Giulietta (Ηθοποιός), Périer, François (Ηθοποιός), Marzi, Franca, 1926-1989 (Ηθοποιός), Gray, Dorian, 1936-2011 (Ηθοποιός)
Μορφή: Διαφάνειες
Γλώσσα:Italian
Greek
Δημοσίευση: [S.l.] : [Χ.τ.] : Studio Canal ; Audio Visual Enterprises [Εταιρεία διανομής], c2003.
Θέματα:
Ετικέτες: Προσθήκη ετικέτας
Δεν υπάρχουν, Καταχωρήστε ετικέτα πρώτοι!

MARC

LEADER 00000cgm a2200000 i 4500
001 1/1268
008 090903s2003 xx ||| | || ||ita||
035 |l 10105536 
040 |a GR-MyUa  |b gre  |e AACR2 
041 0 |a ita  |j gre 
082 7 |a 791.437   |2 (22) 
245 0 3 |a Le notti di Cabiria   |h [μαγνητοσκόπηση] =   |b Nights of Cabiria /   |c directed by Federico Fellini.  
246 1 |i Παράλληλος τίτλος:   |a The nights of Cabiria [μαγνητοσκόπηση] 
260 |a [S.l.] :   |b Studio Canal ;   |a [Χ.τ.] :   |b Audio Visual Enterprises [Εταιρεία διανομής],   |c c2003.  
300 |a 1 βιντεοδίσκος (117 λεπτ.) :   |b ομίλ., ασπρόμ. ;   |c 4 3/4 ίν. +   |e 1 φυλλάδιο  
500 |a Κυκλοφόρησε πρώτη φορά ως κινηματογραφική ταινία το 1957. 
508 |a Μουσική, Nino Rota ; φωτογραφία, Aldo Tonti ; σενάριο, Federico Fellini, Ennio Flaiano, Tullio Pinelli, Pier Paolo Pasoli ; παραγωγή, Dino De Laurentiis. 
511 0 |a Giulietta Masina, François Périer, Franca Marzi, Dorian Gray, Amadeo Nazzari, Aido Silvani, Mario Passante.  
520 8 |a Η Καμπίρια είναι μια καλόκαρδη πεταλουδίτσα της νύχτας, μια γυναίκα με αστείρευτο πάθος για ζωή, αγάπη, και ειλικρινή έρωτα. Παρακολουθούμε τις νύχτες και τις μέρες της ενώ προσπαθεί να πιστέψει στα θαύματα για μια ακόμη φορά, ν'αγαπήσει και να ελπίσει. Κι όπως γίνεται σχεδόν πάντα να ραγίσει η καρδιά της και πάλι και να μείνει μόνη με τη γλυκόπικρη ελπίδα πως το αύριο μπορεί να είναι καλύτερο και πως υπάρχουν άνθρωποι που βλέπουν την αλήθεια της καρδιάς. 
546 |a Στα ιταλικά με ελληνικούς υπότιτλους. 
650 0 |a Prostitutes  |z Italy  |v Drama. 
655 7 |a Feature films  |2 lcgft 
700 1 |a Fellini, Federico,  |e drt  |e aus 
700 1 |a Masina, Giulietta,  |e act 
700 1 |a Périer, François,  |e act 
700 1 |a Marzi, Franca,   |d 1926-1989,  |e act 
700 1 |a Gray, Dorian,   |d 1936-2011,  |e act 
852 |a INST  |b SYROS  |c AV  |e 20090903  |h 791.437 FEL  |p 005500008213  |q 005500008213  |t DVD  |y 23 
901 |a BIBL5-2008-1 
922 |a 5ΕΛΗ  |b 200709  |c Βιβλιοθήκη Σύρου  |d Anaco 
970 |a Κοντού  |b Παρασκευή  |z 03/09/2009